00237nam a22001097a 4500008004100000020001800041041000800059080000800067100000700075101000800082245003700090181102b xxu||||| |||| 00| 0 eng d a9780060530754 aeng a710 a45 aART aArt A new History cJohnson.P